Normal görünüm MARC görünümü

Giriş Personal Name

Kullanılan kayıt sayısı: 2

001 - CONTROL NUMBER

  • control field: 2168

003 - CONTROL NUMBER IDENTIFIER

  • control field: TR-AnBAT

005 - DATE AND TIME OF LATEST TRANSACTION

  • control field: 20250630174623.0

008 - FIXED-LENGTH DATA ELEMENTS

  • fixed length control field: 250630|| aca||aabn | a|a d

040 ## - CATALOGING SOURCE

  • Original cataloging agency: TR-AnBAT
  • Transcribing agency: TR-AnBAT

100 ## - HEADING--PERSONAL NAME

  • Personal name: Yorgancılar, Serkan

670 ## - SOURCE DATA FOUND

  • Source citation: Koha: (TR-AnBAT)8909: Ankara Büyükşehir Belediyesi Gençlik ve Spor Hizmetleri Dairesi Başkanlığı 2167, Bir zamanlar Ankara :, 2025